=LDR 00000nam 2200000 4500 =001 INLIS000000000000264 =005 20150305102918.0 =006 =007 =008 Ind =035 ##$$0010-061300000000264 =041 ##$$a Ind =082 ##$$a 631.541 =090 ##$$a 631.541 Wud m =100 ##$$a Wudianto, Rini =245 ##$$a Membuat setek cangkok dan okulasi / Rini Wudianto =260 ##$$a Jakarta $b Penebar Swadaya $c 1994 =300 ##$$a xi, 172 hlm. : Ilus. ; 21 cm =650 ##$$a Cangkokan =850 ##$$a NBPNMAT =990 ##$$a 0001/BPAP-NTB/20142014